Statistics for World Capital Bullseye #19

Click here to take the quiz!

General Stats

  • This quiz has been taken 73 times
  • The average score is 21 of 27

Answer Stats

Capital City% Correct
Mexico City
94%
Washington
94%
Bogota
91%
Ottawa
91%
Guatemala City
89%
Nassau
89%
Panama City
89%
Caracas
88%
Port-au-Prince
86%
Kingston
84%
Quito
84%
San Salvador
83%
San Jose
81%
London
80%
Santo Domingo
80%
Tegucigalpa
80%
Belmopan
78%
HAVANA
77%
Managua
77%
Reykjavik
77%
Dublin
73%
Saint John's
66%
Basseterre
61%
Roseau
61%
Tarawa
45%
Funafuti
42%
Majuro
33%

Score Distribution

Percentile by Number Answered

Percent of People with Each Score

Your Score History

You have not taken this quiz